00710nam a2200217Ia 4500003000400000005001700004008004100021040000700062041000800069082002100077100002700098245004300125260004100168365001200209650003900221650002400260906004100284942001200325999001900337952013600356OSt20230606105934.0210423s2010 xx 000 0 und d cAL aeng a361.3 223bSAMI aSAMPRATHI 20109120051 aIndia today: challenges for the future aMangalorebSt Aloysius Collegec2010 b75cINR aSocial Problems & Services9120052 aSocial Work9120053 achallenges ; future ; India ; today: 2ddccBK c175775d175775 001040708MSWaSACPGbSACPGd2010-11-22eSchool Book Companyg75.00l0o361.3 SAMIpPG022475r2021-04-26 00:00:00w2021-04-26yBK